Tchuba no deserto (Registo nº 708)
[ vista simples ]
| 000 -Etiqueta do registo | |
|---|---|
| Cabeçalho | 00804nam0a2200253 4500 |
| 005 - Identificador da versão | |
| Campo de controlo | 20240813121810.0 |
| 010 ## - Número internacional normalizado dos livros (ISBN) | |
| Número (ISBN) | 9789892004068 |
| Número (ISBN) | 989-20-0406-X |
| 021 ## - Número do Depósito Legal | |
| Código do país | PT |
| Número | 251469/06 |
| 100 ## - Dados gerais de processamento | |
| Dados gerais de processamento | 20160704d2006 a e0pory5003 ba |
| 102 ## - Pais de publicação ou produção | |
| País de publicação | Portugal |
| 101 0# - Língua de publicação | |
| Língua do texto, banda sonora, etc. | Português |
| 215 ## - Descrição física | |
| Indicação específica da natureza do documento e extensão da espécie | 236 p. |
| Outras indicações físicas | il |
| 200 1# - Titulo e menção de responsabilidade | |
| Título próprio | Tchuba no deserto |
| Informação de outro título | antologia do conto inédito caboverdiano |
| Primeira menção de responsabilidade | organizada por Francisco Fontes |
| Outras menções de responsabilidade | desenhos de Tchalê Figueira |
| 210 ## - Publicação, Distribuição, etc. | |
| Lugar da edição, distribuição, etc. | Coimbra |
| Nome do editor, distribuidor, etc. | Saúde em Português |
| Data da publicação, distribuição, etc. | cop. 2006 |
| 606 ## - Nome comum usado como assunto | |
| Número de registo de entrada de autoridade | 0003067 |
| Palavra de ordem | Literatura caboverdiana |
| Subdivisão de assunto | Conto |
| Código do sistema | CA |
| 675 ## - Classificação Decimal Universal (CDU) | |
| Notação | 821.134.3(665.8)-34 |
| Edição | 3ª ed. |
| Língua da edição | por |
| 702 #1 - Nome de autor-pessoa física (responsabilidade secundária) | |
| Número de registo de entrada de autoridade | 0003069 |
| Palavra de ordem | Fontes |
| Outra parte do nome não tomada para palavra de ordem | Francisco |
| Código de função | Compilador |
| Número de registo de entrada de autoridade | 0003070 |
| Palavra de ordem | Figueira |
| Outra parte do nome não tomada para palavra de ordem | Tchalê |
| Código de função | Ilustrador / Técnico de desenho computorizado |
| 966 ## - Identificação da Biblioteca | |
| Sigla | EB2,3ENM |
| 942 ## - Elementos de entrada adicionados (Koha) | |
| Tipo de item no Koha | Livro |
| Situação do levantamento | Origin of item (home branch) (coded) | Biblioteca de empréstimo | Código de barras | Cota | Circulation type (not for loan) | Tipo de documento | Nota do exemplar | Damaged status |
|---|---|---|---|---|---|---|---|---|
| Biblioteca Escolar Eng. Nuno Mergulhão | Biblioteca Escolar Eng. Nuno Mergulhão | BENM1197 | 82LE-34 TCH | Livro | Sem mensagem |
